Top 50 Premier League Players 2024/25 - Statistics

General Stats
  • This quiz has been taken 451 times
  • The average score is 34 of 50
Answer Stats
Rank Team Player % Correct
2 Manchester City Erling Haaland
98%
5 Liverpool Mohamed Salah
95%
6 Arsenal Bukayo Saka
94%
1 Manchester City Rodri
94%
8 Manchester City Kevin De Bruyne
87%
9 Liverpool Virgil van Dijk
87%
14 Chelsea Cole Palmer
86%
3 Arsenal Martin Ødegaard
85%
4 Manchester City Phil Foden
85%
21 Tottenham Hotspur Son Heung-min
85%
15 Manchester City Rúben Dias
83%
10 Arsenal William Saliba
83%
29 Liverpool Luis Díaz
82%
31 Newcastle United Alexander Isak
81%
13 Manchester United Bruno Fernandes
81%
7 Liverpool Trent Alexander-Arnold
81%
20 Liverpool Alisson
80%
11 Arsenal Declan Rice
78%
18 Arsenal Gabriel
76%
36 Aston Villa Ollie Watkins
72%
17 Arsenal Gabriel Martinelli
71%
40 Manchester City Kyle Walker
71%
16 Manchester City Bernardo Silva
67%
27 Liverpool Alexis Mac Allister
66%
12 Newcastle United Bruno Guimarães
66%
45 Manchester City John Stones
65%
30 Liverpool Andrew Robertson
64%
38 Liverpool Darwin Núñez
64%
26 Aston Villa Emiliano Martínez
61%
39 Arsenal Gabriel Jesus
61%
37 Arsenal Kai Havertz
61%
32 Crystal Palace Eberechi Eze
60%
50 Manchester United Lisandro Martínez
59%
44 Liverpool Ibrahima Konaté
58%
22 Manchester City Jack Grealish
58%
48 Manchester City Jérémy Doku
58%
28 Manchester City Josko Gvardiol
57%
41 Liverpool Dominik Szoboszlai
56%
24 Manchester City Nathan Aké
56%
19 Arsenal Ben White
55%
35 Brentford Bryan Mbeumo
55%
47 Brighton & Hove Albion Kaoru Mitoma
55%
33 Manchester City Manuel Akanji
51%
46 Liverpool Diogo Jota
50%
49 Tottenham Hotspur James Maddison
50%
25 Tottenham Hotspur Cristian Romero
48%
42 Arsenal Leandro Trossard
47%
34 Chelsea Enzo Fernández
46%
23 Newcastle United Kieran Trippier
46%
43 Brighton & Hove Albion Lewis Dunk
27%
No matching quizzes found
Score Distribution
Percent of People with Each Score
Percentile by Number Answered
Your Score History
You have not taken this quiz